000 00311nam a22001337a 4500
008 171027b xxu||||| |||| 00| 0 eng d
020 _a0821352083
041 _aeng
080 _a336
100 _a56
101 _aFIN
245 _aGLOBALIZATION AND NATIONAL FINANCIAL SYSTEM
_cHANSON, J.A
942 _2udc
_cBK
999 _c36107
_d36107